| 000 | 01903nam0a2200349 4500 | ||
|---|---|---|---|
| 001 | RU\NLR\bibl\72969 | ||
| 005 | 20260409074457.0 | ||
| 010 |
_a5-88882-024-5 _9300 |
||
| 035 | _a(NLR Aleph) 000071201 | ||
| 090 |
_a392707 _c392707 |
||
| 100 | _a20000302d1999 |||y0rusy50 ca | ||
| 101 | 0 | _arus | |
| 102 | _aRU | ||
| 105 | _aa ||||||||| | ||
| 200 | 1 |
_aИмпровизационная деятельность - средство гармонизации личности _eАнтропометр. подход _eМуз.-творч. развитие в нач. классах фортепиано ДМШ _eПрогр.-метод. разраб. _fГовор В.Н., Плетенецкая Ю.В. _gБалт. акад. наук экологии культуры, Открытый ун-т экологии искусства |
|
| 210 |
_aСПб. _cАлмаз. путь _d1999 |
||
| 215 |
_a62 с. _cил. _d29 |
||
| 300 | _aНа обороте тит.л. авт.: Говор В. Н., проф., Плетенецкая Ю. В. преп. | ||
| 300 | _aНа обл. подзаг.: Антропометрический подход музыкально-творческого развития... | ||
| 320 | _aБиблиогр.: с. 50-51 (68 назв.) | ||
| 606 | 0 |
_aФортепианная техника _xМетодика преподавания _91895706 _3RU\NLR\auth\661152720 |
|
| 606 |
_aФортепианная техника _xПреподавание _3RU\NLR\auth\661298975 _92158022 |
||
| 686 | _aЧ426.67 -9 | ||
| 700 | 1 |
_aГовор _bВ. Н. _gВячеслав Николаевич _4070 |
|
| 701 | 1 |
_aПлетенецкая _bЮ. В. _gЮлия Валерьевна _4070 |
|
| 801 | 0 |
_aRU _bNLR _c20000302 _gPSBO |
|
| 801 | 1 |
_aRU _bNLR _c20000302 |
|
| 830 | _aАвт. по кн. | ||
| 852 |
_aNLR _j99-8/2517 |
||
| 942 | _cBOOK | ||
| 980 | _aNB | ||